Statystyki dla Piłkarska kariera - Jordan Henderson

Kliknij tutaj aby rozwiązać quiz!

Ogólne statystyki

  • Ten quiz został rozwiązany 41 razy
    (8 od ostatniego zresetowania)
  • Średni wynik to 2 z 5

Statystyki odpowiedzi

Kraj klubuRokKlub% Poprawnych
Anglia2011-2023Liverpool
100%
Arabia Saudyjska2023-Al-Ettifaq
43%
Anglia2008-2009Sunderland
29%
Anglia2009-2011Sunderland
29%
Anglia2009Coventry City
14%

Rozkład punktacji

Percentyl według liczby udzielonych odpowiedzi

Procent ludzi z każdym wynikiem

Twoja historia wyników

Nie rozwiązałeś tego quizu od ostatniego zresetowania